| 000 | 00382pam a2200157a 44500 | ||
|---|---|---|---|
| 008 | 230515b2002 xxu||||| |||| 00| 0 eng d | ||
| 020 | _aNULL | ||
| 041 | _aENGLISH | ||
| 082 | _aN.D. | ||
| 100 | _aRamamrutham S | ||
| 245 | _aHydraulics Fluid Mechanics And Fluid Machinics | ||
| 250 | _a0 | ||
| 260 |
_aNULL _bDhanpat Rai Publications _c2002 |
||
| 300 | _a1183 | ||
| 650 | _aNULL | ||
| 999 |
_c585901 _d585901 |
||